Catálogo
 En Linea

Educación artística 1 : (Registro nro. 46411)

Detalles MARC
000 -CABECERA
campo de control de longitud fija 00854nam a2200241 a 4500
001 - NÚMERO DE CONTROL
campo de control 000046923
005 - FECHA Y HORA DE LA ÚLTIMA TRANSACCIÓN
campo de control 20201002053219.0
008 - DATOS DE LONGITUD FIJA--INFORMACIÓN GENERAL
campo de control de longitud fija 180406s2015 dr a r 000 0 spa d
020 ## - NÚMERO INTERNACIONAL ESTÁNDAR DEL LIBRO
Número Internacional Estándar del Libro 9789945595192
040 ## - FUENTE DE LA CATALOGACIÓN
Centro catalogador/agencia de origen DO-SdBNP
Lengua de catalogación spa
Centro/agencia transcriptor BNPHU
082 ## - NÚMERO DE LA CLASIFICACIÓN DECIMAL DEWEY
Número de clasificación xxxx
Número de documento/Ítem P343e 1ro.
100 1# - ENTRADA PRINCIPAL--NOMBRE DE PERSONA
Nombre de persona Payán Velez, Carolina
9 (RLIN) 74849
245 10 - MENCIÓN DE TÍTULO
Título Educación artística 1 :
Resto del título primer grado, primer ciclo ; educación primaria /
Mención de responsabilidad, etc. Carolina Payán Velez, Verónica Veloz ; colaboración Adalgisa Velez ; ilustración Ramón Sandoval.
260 ## - PUBLICACIÓN, DISTRIBUCIÓN, ETC.
Lugar de publicación, distribución, etc. Santo Domingo :
Nombre del editor, distribuidor, etc. Actualidad,
Fecha de publicación, distribución, etc. 2015.
300 ## - DESCRIPCIÓN FÍSICA
Extensión 112 p. :
Otras características físicas il. ;
Dimensiones 22 cm.
490 ## - MENCIÓN DE SERIE
Mención de serie Veraz
504 ## - NOTA DE BIBLIOGRAFÍA, ETC.
Nota de bibliografía, etc. Bibliografía : p. 128
590 ## - NOTA LOCAL (RLIN)
Nota local Inventariado, 2018/BT
700 1# - PUNTO DE ACCESO ADICIONAL--NOMBRE DE PERSONA
Nombre de persona Veloz, Verónica
9 (RLIN) 74850
700 1# - PUNTO DE ACCESO ADICIONAL--NOMBRE DE PERSONA
Nombre de persona Velez, Adalgisa,
Término indicativo de función/relación col.
9 (RLIN) 74851
700 1# - PUNTO DE ACCESO ADICIONAL--NOMBRE DE PERSONA
Nombre de persona Sandoval, Ramón,
Término indicativo de función/relación il.
9 (RLIN) 10955
830 #0 - PUNTO DE ACCESO ADICIONAL DE SERIE-TÍTULO UNIFORME
Título uniforme Veraz
9 (RLIN) 74848
Existencias
Estado de retiro Estado de pérdida Restricciones de uso No para préstamo Código de colección Localización permanente Ubicación/localización actual Ubicación en estantería Fecha de adquisición Número de inventario Total de préstamos Signatura topográfica completa Código de barras Fecha visto por última vez Número de copia Precio válido a partir de Tipo de ítem Koha
        Dominicana de Servicio General General Depósito 06.04.2018 LF1   xxxx P343e 1ro. 46923-30 25.06.2020 e. 3 25.06.2020 Libro y Folleto Colección Dominicana de Servicio
      Excluido de préstamo Patrimonio Dominicano Patrimonio Dominicano Patrimonio Dominicano Depósito 06.04.2018 LF1   xxxx P343e 1ro. 46923-10 25.06.2020   25.06.2020 Libro y Folleto Colección Patrimonio Dominicano
      Excluido de préstamo Patrimonio Dominicano Patrimonio Dominicano Patrimonio Dominicano Depósito 06.04.2018 LF1   xxxx P343e 1ro. 46923-20 25.06.2020 e. 2 25.06.2020 Libro y Folleto Colección Patrimonio Dominicano

Con tecnología Koha